ბათუმის შოთა რუსთაველის სახელმწიფო უნივერსიტეტის ბიბლიოთეკა

ტოქსიკოლოგიური ქიმია : (ბიბ.ჩანაწერი № 36378)

000 -ლიდერი
ფიქსირებული სიგრძის საკონტროლო ველი 01188nam a2200241Ia 4500
001 - საკონტროლო ნომერი
საკონტროლო ველი 2290
003 - საკონტროლო ნომრის იდენტიფიკატორი
საკონტროლო ველი GE_BSU
005 - ბოლო ოპერაციის თარიღი და დრო
საკონტროლო ველი 20190503174103.0
008 - ფიქსირებული სიგრძის მონაცემთა ელემენტები - ზოგადი ინფორმაცია
ფიქსირებული სიგრძის საკონტროლო ველი 181216s2011||||ge |||||||||||||| ||geo||
040 ## - კატალოგიზაციის წყარო
Transcribing agency GE_BSU
041 ## - ენის კოდი
Language code of text/sound track or separate title geo
080 ## - უნივერსალური ათობითი კლასიფიკაციის ინდექსი
Universal Decimal Classification number 54(075.8) ა–27
100 ## - მთავარი ჩანაწერი - პიროვნების სახელი
Personal name ადეიშვილი,ლია
9 (RLIN) 704
245 ## - ცნობა სათაურის შესახებ
Title ტოქსიკოლოგიური ქიმია :
Remainder of title სახელმძღვ. ფარმაც. ფაკ-ტის სტუდენტებისათვის; ნაწ.2.ნარკოტიკული საშუალებების ანალიზური ტოქსიკოლოგია /
Statement of responsibility, etc ლია ადეიშვილი, რომან მახარაძე.
264 ## - წარმოების, გამოცემის, დისტრიბუციის და სხვა ცნობები
გამოცემის, წარმოების, დისტრიბუციის... ადგილი თბილისი,
გამოცემის, წარმოების, დისტრიბუციის... თარიღი 2011.
300 ## - ფიზიკური აღწერა
Extent 124 გვ.
653 ## - INDEX TERM--UNCONTROLLED
Uncontrolled term ქიმია
653 ## - INDEX TERM--UNCONTROLLED
Uncontrolled term ნარკოტიკული საშუალებები
653 ## - INDEX TERM--UNCONTROLLED
Uncontrolled term ტოქსიკოლოგია
653 ## - INDEX TERM--UNCONTROLLED
Uncontrolled term ქიმიურ-ტოქსიკოლოგიური ანალიზი
700 ## - ADDED ENTRY--PERSONAL NAME
Personal name ადეიშვილი, ლია
Relator term ავტორი
9 (RLIN) 702
942 ## - ADDED ENTRY ELEMENTS (KOHA)
Koha item type წიგნი
Source of classification or shelving scheme
ეგზემპლარები
ჩამოწერის სტატუსი დაკარგული ეგზემპლარის სტატუსი კლასიფიკაციის წყარო ან თაროზე გაწყობის სქემა დაზიანების სტატუსი არ გაიცემა მუდმივი მდებარეობა (დაცვის ადგილი) ამჟამინდელი ადგილსამყოფელი თაროზე განთავსების ადგილი შეძენის თარიღი ღირებულება, შესყიდვის ნორმალური ფასი სრული შენახვის შიფრი შტრიხკოდი ბოლო ოპერაციის თარიღი ეგზემპლარის მიმდევრობითი ნომერი (კეტერი?) ფასის ძალაში შესვლის თარიღი ეგზემპლარის სახეობა საჯარო შენიშვნა
          ბათუმის შოთა რუსთაველის სახელმწიფო უნივერსიტეტის მთავარი ბიბლიოთეკა ბათუმის შოთა რუსთაველის სახელმწიფო უნივერსიტეტის მთავარი ბიბლიოთეკა წიგნსაცავი 2018-12-17 13.00 54(075.8) ა–27 4122 2018-12-17 4122 2018-12-17 წიგნი 13 ლ.
          ბათუმის შოთა რუსთაველის სახელმწიფო უნივერსიტეტის მთავარი ბიბლიოთეკა ბათუმის შოთა რუსთაველის სახელმწიფო უნივერსიტეტის მთავარი ბიბლიოთეკა წიგნსაცავი 2018-12-17 13.00 54(075.8) ა–27 4126 2018-12-17 4126 2018-12-17 წიგნი 13 ლ.
          ბათუმის შოთა რუსთაველის სახელმწიფო უნივერსიტეტის მთავარი ბიბლიოთეკა ბათუმის შოთა რუსთაველის სახელმწიფო უნივერსიტეტის მთავარი ბიბლიოთეკა წიგნსაცავი 2018-12-17 13.00 54(075.8) ა–27 4130 2018-12-17 4130 2018-12-17 წიგნი 13 ლ.
          ბათუმის შოთა რუსთაველის სახელმწიფო უნივერსიტეტის მთავარი ბიბლიოთეკა ბათუმის შოთა რუსთაველის სახელმწიფო უნივერსიტეტის მთავარი ბიბლიოთეკა წიგნსაცავი 2018-12-17 13.00 54(075.8) ა–27 4134 2018-12-17 4134 2018-12-17 წიგნი 13 ლ.
          ბათუმის შოთა რუსთაველის სახელმწიფო უნივერსიტეტის მთავარი ბიბლიოთეკა ბათუმის შოთა რუსთაველის სახელმწიფო უნივერსიტეტის მთავარი ბიბლიოთეკა წიგნსაცავი 2018-12-17 13.00 54(075.8) ა–27 4138 2018-12-17 4138 2018-12-17 წიგნი 13 ლ.